LEADER 00788nam0-22003011i-450- 001 990006468620403321 005 20001010 035 $a000646862 035 $aFED01000646862 035 $a(Aleph)000646862FED01 035 $a000646862 100 $a20001010d--------km-y0itay50------ba 101 0 $aita 105 $ay-------001yy 200 1 $a<>Chiesa in Africa$fEnrico Bartolucci. - 210 $aBologna$cEd. Nigrizia$d1963. 215 $a115 p.$d22 cm 225 1 $aQuaderni Nigrizia$v1 676 $a276 700 1$aBartolucci,$bEnrico$0242888 801 0$aIT$bUNINA$gRICA$2UNIMARC 901 $aBK 912 $a990006468620403321 952 $aCOLLEZ. 751 (1)$b19241$fFSPBC 959 $aFSPBC 996 $aChiesa in Africa$9652053 997 $aUNINA DB $aGEN01 LEADER 01253nam--2200409---450- 001 990001207920203316 005 20060412110354.0 035 $a000120792 035 $aUSA01000120792 035 $a(ALEPH)000120792USA01 035 $a000120792 100 $a20031021d1992----km-y0enga50------ba 101 0 $aita 102 $aIT 105 $ay|||z|||001yy 200 1 $a<> letteratura grigia$eguida per le biblioteche speciali e i servizi d'informazione$fVilma Alberani 210 $aRoma$cLa Nuova Italia Scientifica$d1992 215 $a211 p.$d24 cm 225 2 $aBeni culturali$v14 410 0$12001$aBeni culturali 606 0 $aLetteratura grigia 676 $a025.172 700 1$aALBERANI,$bVilma$07705 801 0$aIT$bSalbc$cISBD 912 $a990001207920203316 951 $aL.P.36$b170809 L.M.$cL.P.$d00090177 951 $aS XIII a 49$b2545 DLM$cS XIII a 959 $aBK 969 $aUMA 969 $aDILAM 979 $aMARIA$b10$c20031021$lUSA01$h1033 979 $aALESSANDRA$b90$c20040203$lUSA01$h1221 979 $aALESSANDRA$b90$c20040213$lUSA01$h0907 979 $aPATRY$b90$c20040406$lUSA01$h1726 979 $aDILAM$b90$c20060412$lUSA01$h1103 996 $aLetteratura grigia$9114950 997 $aUNISA